000 00395 a2200109 4500
001 ART_3414
005 20260410161714.0
008 260409a
245 1 0 _aRegulación del mercado de tecnología en América Latina. Evaluación de algunos de sus resultados
100 1 _aCorrea, Carlos María
773 0 _tDesarrollo económico
_g- Vol. 22, Nº 85 (abr./jun. 1982)
_wREV1174
999 _c16368
_d16368